Statistics for Name That Rapper

Click here to take the quiz!

General Stats

  • This quiz has been taken 95 times
  • The average score is 11 of 15

Answer Stats

Song Title:Answer% Correct
Lose YourselfEminem
95%
Hotline BlingDrake
94%
California Love2Pac
89%
Gold DiggerKanye West
89%
Gin and JuiceSnoop Dogg
87%
HypnotizeNotorious B.I.G.
78%
It Was a Good DayIce Cube
77%
Gangsta's ParadiseCoolio
68%
Nuthin' But a "G" ThangDr. Dre
68%
Ms. JacksonOutkast
68%
21 Questions50 Cent
62%
Boys In The HoodEazy-E
62%
Holy GrailJay-Z
59%
Party Up (Up in Here)DMX
41%
Start from ScratchThe Game
12%

Score Distribution

Percentile by Number Answered

Percent of People with Each Score

Your Score History

You have not taken this quiz